ბათუმის შოთა რუსთაველის სახელმწიფო უნივერსიტეტის ბიბლიოთეკა

მეთოდური მითითებები საამწყობო ერთეულის დეტალების ესკიზებისა და საერთო ხელის ნახაზების შესადგენად / (ბიბ.ჩანაწერი № 56912)

000 -ლიდერი
ფიქსირებული სიგრძის საკონტროლო ველი 01572nam a22002417a 4500
003 - საკონტროლო ნომრის იდენტიფიკატორი
საკონტროლო ველი Ge_BSU
005 - ბოლო ოპერაციის თარიღი და დრო
საკონტროლო ველი 20190618144522.0
008 - ფიქსირებული სიგრძის მონაცემთა ელემენტები - ზოგადი ინფორმაცია
ფიქსირებული სიგრძის საკონტროლო ველი 190618b1986 ge ||||| |||| 00| 0 geo d
041 ## - ენის კოდი
Language code of text/sound track or separate title geo
080 ## - უნივერსალური ათობითი კლასიფიკაციის ინდექსი
Universal Decimal Classification number 744.5 (072) მ-50
245 ## - ცნობა სათაურის შესახებ
Title მეთოდური მითითებები საამწყობო ერთეულის დეტალების ესკიზებისა და საერთო ხელის ნახაზების შესადგენად /
Statement of responsibility, etc საქ. სსრ უმაღ. და საშ. სპეც. განათლ. სამ-რო ; საქ. პოლიტექნიკური ინ-ტი ; [შემდგ. : ა. ბეჟანიშვილი, მ. დემეტრაძე].
264 ## - წარმოების, გამოცემის, დისტრიბუციის და სხვა ცნობები
გამოცემის, წარმოების, დისტრიბუციის... ადგილი თბილისი :
გამოცემის, წარმოების, დისტრიბუციის... სახელწოდება სპი,
გამოცემის, წარმოების, დისტრიბუციის... თარიღი 1986.
300 ## - ფიზიკური აღწერა
Extent 129 გვ. ;
Dimensions 20 სმ.
504 ## - BIBLIOGRAPHY, ETC. NOTE
Bibliography, etc ბიბლიოგრ. : გვ. 128.
653 ## - INDEX TERM--UNCONTROLLED
Uncontrolled term სამანქანათმშენებლო ხაზვა
653 ## - INDEX TERM--UNCONTROLLED
Uncontrolled term ესკიზების შედგენა
653 ## - INDEX TERM--UNCONTROLLED
Uncontrolled term ნახაზების შედგენა
700 ## - ADDED ENTRY--PERSONAL NAME
Personal name ბეჟანიშვილი, ა.
Relator term შემდგენელი
9 (RLIN) 2538
700 ## - ADDED ENTRY--PERSONAL NAME
Personal name დემეტრაძე, მ.
Relator term შემდგენელი
9 (RLIN) 2539
710 ## - ADDED ENTRY--CORPORATE NAME
Corporate name or jurisdiction name as entry element საქ. სსრ უმაღ. და საშ. სპეც. განათლ. სამ-რო
9 (RLIN) 2540
710 ## - ADDED ENTRY--CORPORATE NAME
Corporate name or jurisdiction name as entry element საქ. პოლიტექნიკური ინ-ტი
9 (RLIN) 1792
942 ## - ADDED ENTRY ELEMENTS (KOHA)
Source of classification or shelving scheme
Koha item type წიგნი
ეგზემპლარები
ჩამოწერის სტატუსი დაკარგული ეგზემპლარის სტატუსი კლასიფიკაციის წყარო ან თაროზე გაწყობის სქემა დაზიანების სტატუსი არ გაიცემა მუდმივი მდებარეობა (დაცვის ადგილი) ამჟამინდელი ადგილსამყოფელი თაროზე განთავსების ადგილი შეძენის თარიღი ღირებულება, შესყიდვის ნორმალური ფასი სრული შენახვის შიფრი შტრიხკოდი ბოლო ოპერაციის თარიღი ეგზემპლარის მიმდევრობითი ნომერი (კეტერი?) ფასის ძალაში შესვლის თარიღი ეგზემპლარის სახეობა საჯარო შენიშვნა
          ტექნოლოგიური ფაკულტეტის ბიბლიოთეკა ტექნოლოგიური ფაკულტეტის ბიბლიოთეკა წიგნსაცავი 2019-06-18 0.30 744.5 (072) მ-50 12325 2019-06-18 12325 2019-06-18 წიგნი 0.30 ლ.
          ტექნოლოგიური ფაკულტეტის ბიბლიოთეკა ტექნოლოგიური ფაკულტეტის ბიბლიოთეკა წიგნსაცავი 2019-06-18 0.30 744.5 (072) მ-50 12326 2019-06-18 12326 2019-06-18 წიგნი 0.30 ლ.
          ტექნოლოგიური ფაკულტეტის ბიბლიოთეკა ტექნოლოგიური ფაკულტეტის ბიბლიოთეკა წიგნსაცავი 2019-06-18 0.30 744.5 (072) მ-50 12327 2019-06-18 12327 2019-06-18 წიგნი 0.30 ლ.
          ტექნოლოგიური ფაკულტეტის ბიბლიოთეკა ტექნოლოგიური ფაკულტეტის ბიბლიოთეკა წიგნსაცავი 2019-06-18 0.30 744.5 (072) მ-50 12328 2019-06-18 12328 2019-06-18 წიგნი 0.30 ლ.
          ტექნოლოგიური ფაკულტეტის ბიბლიოთეკა ტექნოლოგიური ფაკულტეტის ბიბლიოთეკა წიგნსაცავი 2019-06-18 0.30 744.5 (072) მ-50 12329 2019-06-18 12329 2019-06-18 წიგნი 0.30 ლ.